Centenary review of the Asiatic Society, 1784-1884 / (Record no. 22748)

MARC details
000 -LEADER
fixed length control field 01401cam a2200289 a 4500
001 - CONTROL NUMBER
control field 4783719
003 - CONTROL NUMBER IDENTIFIER
control field BDDh-ASL
005 - DATE AND TIME OF LATEST TRANSACTION
control field 20231015030145.0
008 - FIXED-LENGTH DATA ELEMENTS--GENERAL INFORMATION
fixed length control field 860905r19861885ii b f011 0 eng
010 ## - LIBRARY OF CONGRESS CONTROL NUMBER
LC control number 86902022
025 ## - OVERSEAS ACQUISITION NUMBER
Overseas acquisition number I E 52670
040 ## - CATALOGING SOURCE
Original cataloging agency DLC
Transcribing agency DLC
Modifying agency DLC
-- BDDh-ASL
043 ## - GEOGRAPHIC AREA CODE
Geographic area code a-ii---
050 00 - LIBRARY OF CONGRESS CALL NUMBER
Classification number DS1.A7143
Item number C46 1986
082 00 - DEWEY DECIMAL CLASSIFICATION NUMBER
Classification number 950.0605
Edition number 19
Item number CEN
245 00 - TITLE STATEMENT
Title Centenary review of the Asiatic Society, 1784-1884 /
260 ## - PUBLICATION, DISTRIBUTION, ETC.
Place of publication, distribution, etc. Calcutta :
Name of publisher, distributor, etc. The Society,
Date of publication, distribution, etc. 1986.
300 ## - PHYSICAL DESCRIPTION
Extent 195, 216, ciii, 109, xcvi, 20 p. ;
Dimensions 22 cm.
500 ## - GENERAL NOTE
General note Each title has separate t.p.
500 ## - GENERAL NOTE
General note Reprint. Originally published: Centenary review of the Asiatic Society of Bengal, 1784-1884. Calcutta : Asiatic Society of Bengal, 1885.
504 ## - BIBLIOGRAPHY, ETC. NOTE
Bibliography, etc. note Includes bibliographical references and indexes.
505 0# - FORMATTED CONTENTS NOTE
Formatted contents note History of the society / by Rajendralal Mitra -- Archaeology, history, literature, &c / by A.F. Rudolf Hoernle -- Classified index to the scientific papers in the society's publications from 1788 to 1883 -- Natural science -- Classified index to the scientific papers in the society's publications from 1788 to 1882 -- Proceedings of the special centenary meeting of the Asiatic Society of Bengal.
610 20 - SUBJECT ADDED ENTRY--CORPORATE NAME
Corporate name or jurisdiction name as entry element Asiatic Society (Kolkata, India)
710 2# - ADDED ENTRY--CORPORATE NAME
Corporate name or jurisdiction name as entry element Asiatic Society (Kolkata, India)
906 ## - LOCAL DATA ELEMENT F, LDF (RLIN)
a 7
b cbc
c orignew
d 3
e ncip
f 19
g y-gencatlg
942 ## - ADDED ENTRY ELEMENTS (KOHA)
Source of classification or shelving scheme Dewey Decimal Classification
Koha item type Books
Holdings
Withdrawn status Lost status Source of classification or shelving scheme Damaged status Not for loan Collection code Home library Current library Shelving location Date acquired Source of acquisition Total Checkouts Full call number Barcode Date last seen Copy number Price effective from Koha item type Public note
    Dewey Decimal Classification   Not For Loan Non-fiction Asiatic Society Library Asiatic Society Library General Stacks 03/06/2021 ASB Library Collections   950.0605 CEN 107051 03/06/2021 C-1 03/06/2021 Books RARE

Powered by Koha